Abrogation of Article 370: (Record no. 202845)

MARC details
000 -LEADER
fixed length control field 00606nam a22001937a 4500
005 - DATE AND TIME OF LATEST TRANSACTION
control field 20240514130313.0
010 ## - LCCN (DPL NO)
LC control number ENG-140335
020 ## - INTERNATIONAL STANDARD BOOK NUMBER
Terms of availability 795.00
International Standard Book Number 9788119798230
035 ## - SYSTEM CONTROL NUMBER
System control number EN-123867
037 ## - SOURCE OF ACQUISITION
Source of stock number/acquisition DBAD
082 ## - DEWEY DECIMAL CLASSIFICATION NUMBER
Classification number 320.9545
100 ## - MAIN ENTRY--PERSONAL NAME
Personal name OM, Hari
245 ## - TITLE STATEMENT
Title Abrogation of Article 370:
Remainder of title Supreme Court's landmark judgement/
Statement of responsibility, etc By Hari OM
260 ## - PUBLICATION, DISTRIBUTION, ETC. (IMPRINT)
Place of publication, distribution, etc New Delhi
Name of publisher, distributor, etc Har-Anand Publication PVT LTD
Date of publication, distribution, etc 2024
270 ## - ADDRESS
Address E-49/3, Okhla Industrial Area, Phase-II
City New Delhi
Postal code 110020
300 ## - PHYSICAL DESCRIPTION
Extent 240p.:
Dimensions 21cm(hb)
700 ## - ADDED ENTRY--PERSONAL NAME
9 (RLIN) 65564
Personal name OM, Hari
942 ## - ADDED ENTRY ELEMENTS (KOHA)
Source of classification or shelving scheme Dewey Decimal Classification
Item type English Books
Classification part 320.9545
Holdings
Withdrawn status Lost status Not for loan Collection code Home library Current library Date acquired Source of acquisition Cost, normal purchase price Full call number Barcode Copy number Cost, replacement price Koha item type
      Non-fiction Central Jail Tihar Central Jail Tihar 14/05/2024 DBAD 795.00 320.9545 OMH EN-123867 1 795.00 English Books

© Delhi Public Library
Hit Counter
free hit counter